000 01049nam0a22002771 4500
001 rc\2646718
005 20251211115649.0
035 _a(NLR Aleph) 006954401
090 _a5278930
_c5278930
100 _a20110608d1927 u y0rusy50 ca
101 1 _arus
102 _aRU
105 _ay z |||||
200 1 _aТартарен на Альпах
_fАльфонс Додэ
_gПер. с фр. М.В. Коваленской
210 _aМосква
_aЛенинград
_cГосуд. изд-во
_d1927
_eМосква
_gтип. "Красный пролетарий"
215 _a212 с., [4] с. объявл.
_d14×10 см
225 1 _aУниверсальная библиотека
_v№ 426-429
300 _aНа обороте тит. листа: "Alphonse Daudet.Tartarin sur les Alpes"
700 1 _aДодэ
_bА.
_f1840-1897
_gАльфонс
702 1 _aКоваленская
_bМ.В.
_4730
801 0 _aRU
_bNLR
_gpsbo
801 1 _aRU
_bELAR
_2rusmarc
852 _aNLR
_j38.55.5.8(426-429)
942 _cBOOK
980 _aNB